|
|
|
|
| LEADER |
03731nam a22005415i 4500 |
| 001 |
978-3-642-24215-1 |
| 003 |
DE-He213 |
| 005 |
20151204154401.0 |
| 007 |
cr nn 008mamaa |
| 008 |
111024s2012 gw | s |||| 0|eng d |
| 020 |
|
|
|a 9783642242151
|9 978-3-642-24215-1
|
| 024 |
7 |
|
|a 10.1007/978-3-642-24215-1
|2 doi
|
| 040 |
|
|
|d GrThAP
|
| 050 |
|
4 |
|a HD38.5
|
| 072 |
|
7 |
|a KJMV8
|2 bicssc
|
| 072 |
|
7 |
|a BUS087000
|2 bisacsh
|
| 082 |
0 |
4 |
|a 658.7
|2 23
|
| 100 |
1 |
|
|a Stadtler, Hartmut.
|e author.
|
| 245 |
1 |
0 |
|a Advanced Planning in Supply Chains
|h [electronic resource] :
|b Illustrating the Concepts Using an SAP® APO Case Study /
|c by Hartmut Stadtler, Bernhard Fleischmann, Martin Grunow, Herbert Meyr, Christopher Sürie.
|
| 264 |
|
1 |
|a Berlin, Heidelberg :
|b Springer Berlin Heidelberg,
|c 2012.
|
| 300 |
|
|
|a X, 306 p.
|b online resource.
|
| 336 |
|
|
|a text
|b txt
|2 rdacontent
|
| 337 |
|
|
|a computer
|b c
|2 rdamedia
|
| 338 |
|
|
|a online resource
|b cr
|2 rdacarrier
|
| 347 |
|
|
|a text file
|b PDF
|2 rda
|
| 490 |
1 |
|
|a Management for Professionals
|
| 505 |
0 |
|
|a Preface -- Introduction (Hartmut Stadtler, Christopher Haub) - Part I -- 1 The Frutado Case 11 (Bernhard Fleischmann) -- 2 Hierarchical Planning and the Supply Chain Planning Matrix (Hartmut Stadtler, Bernhard Fleischmann) -- 3 SAP® APO - Module Matrix and General Principles (Christopher Sürie) -- Part II -- 4 Demand Planning (DP) (Herbert Meyr) -- 5 Master Planning - Supply Network Planning (Hartmut Stadtler) -- 6 Production Planning and Detailed Scheduling (PP/DS) (Hartmut Stadtler, Christopher Sürie) -- 7 Global Available-to-Promise (global ATP) (Bernhard Fleischmann, Sebastian Geier) -- 8 Deployment (Martin Grunow, Poorya Farahani) -- 9 Transportation Planning/Vehicle Scheduling (TP/VS) (Martin Grunow, Bryndís Stefánsdóttir) -- Part III. - 10 Final Remarks (Hartmut Stadtler) -- Index -- About Contributors.
|
| 520 |
|
|
|a Advanced Planning Systems (APS) are a key enabler of the supply chain management. However, APS are highly complex and difficult to comprehend. This book provides students with valuable insights into the capabilities of state-of-the-art APS and bridges the gap between theory (model building and solution algorithms), software implementation, and adaptation to a specific business case. Our business case – named Frutado – provides a unifying framework for illustrating the different planning tasks that arise in a company – from demand planning to the distribution of goods – that are addressed by APS. In addition, the book guides through interactive learning units which have been created and recorded for each module of SAP´s APS. Learning units can be downloaded free of charge ready to be displayed in a web browser. Together, the textbook and the learning units provide the required skills to better understand the concepts, models, and algorithms underlying today´s APS.
|
| 650 |
|
0 |
|a Business.
|
| 650 |
|
0 |
|a Production management.
|
| 650 |
|
0 |
|a Business logistics.
|
| 650 |
|
0 |
|a Industrial engineering.
|
| 650 |
|
0 |
|a Production engineering.
|
| 650 |
1 |
4 |
|a Business and Management.
|
| 650 |
2 |
4 |
|a Supply Chain Management.
|
| 650 |
2 |
4 |
|a Operations Management.
|
| 650 |
2 |
4 |
|a Industrial and Production Engineering.
|
| 700 |
1 |
|
|a Fleischmann, Bernhard.
|e author.
|
| 700 |
1 |
|
|a Grunow, Martin.
|e author.
|
| 700 |
1 |
|
|a Meyr, Herbert.
|e author.
|
| 700 |
1 |
|
|a Sürie, Christopher.
|e author.
|
| 710 |
2 |
|
|a SpringerLink (Online service)
|
| 773 |
0 |
|
|t Springer eBooks
|
| 776 |
0 |
8 |
|i Printed edition:
|z 9783642242144
|
| 830 |
|
0 |
|a Management for Professionals
|
| 856 |
4 |
0 |
|u http://dx.doi.org/10.1007/978-3-642-24215-1
|z Full Text via HEAL-Link
|
| 912 |
|
|
|a ZDB-2-SBE
|
| 950 |
|
|
|a Business and Economics (Springer-11643)
|